Statistics for Your Brain vs Gibberish

Click here to take the quiz!

General Stats

  • This quiz has been taken 50 times
  • The average score is 13 of 20

Answer Stats

GibberishAnswer% Correct
Waht, prmilraiy , do gniat pndaas eat?Bamboo (What, primarily, do giant pandas eat?)
88%
Waht is the cplaiat of the Pephlnipiis ?Manila (What is the capital of the Philippines?)
86%
Waht inalsd do lmeurs cmoe form?Madagascar (What island do lemurs come from?)
84%
Waht ctronuy berodrs San Mnraio ?Italy (What country borders San Marino?)
82%
Waht is the lsrgaet inalsd in the Cerbabian Sea?Cuba (What is the largest island in the Caribbean sea?)
80%
In waht ctiy wluod you fnid the wrlod's tlaselt bldiinug?Dubai (In what city would you find the world's tallest building?)
80%
Waht ctiy is hsoliet for Iaslm?Mecca (What city is holiest for Islam?)
80%
Waht ctronuy was Neeftitri qeuen of?Egypt (What country was Nefertiti queen of?)
76%
Waht ctronuy bderors Szailwtrned to the wset?France (What country borders Switzerland to the west?)
71%
Waht is the tlaeslt mnouiatn in Acfira?Kilimanjaro (What is the tallest mountain in Africa?)
67%
Waht tpye of rercefnee book litss smyoynns?Thesaurus (What type of reference book lists synonyms?)
67%
Waht lgrae drseet can be funod in Cniha and Mnigoloa?Gobi (What large desert can be found in China and Mongolia?)
63%
Waht alrtice of conthilg is flaosmuy wron by Dculara and Sraepmun ?Cape (What article of clothing is famously worn by Dracula and Superman?)
59%
Waht ctronuy was frlmeroy kwnon as Cyelon?Sri Lanka (What country was formerly known as Ceylon?)
55%
Waht crruaete is aslo kwnon as Stauaqcsh?Bigfoot (What creature is also known as Sasquatch?)
51%
Clceotrry slepl the cplaiat of InceladReykjavík (Correctly spell the capital of Iceland)
49%
Waht is the wrlod's sunsmoerhott ctronuy?Chile (What is the world's southernmost country?)
45%
Waht ctronuy is msolty leocatd in Alonaita ?Turkey (What country is mostly located in Anatolia?
43%
Waht do peitchr pnlats eat?Insects (What do pitcher plants eat?)
41%
Waht wree Hevary, Imra, and Miraa?Hurricanes (What are Harvey, Irma and Maria?)
33%

Score Distribution

Percentile by Number Answered

Percent of People with Each Score

Your Score History

You have not taken this quiz